000 02222nam0a2200385 4500
001 RU\NLR\bibl\1424038
005 20260408062823.0
010 _a978-5-7899-0603-3
_9100
021 _aRU
_b2009-64700
_93990
035 _a(nilc)RSL-KNO-004370523
035 _a(NLR Aleph) 001415968
090 _a1312222
_c1312222
100 _a20090731d2008 |||y0rusy50 ca
101 0 _arus
102 _aRU
105 _ay zzzz|||||
200 1 _aСтановление и развитие современного российского уголовного и уголовно-процессуального законодательства
_e(к 10-летию УК РФ, 5-летию УПК РФ и 40-летию ВА МВД России)
_eсборник научных трудов
_fМ-во внутренних дел Российской Федерации, Волгоградская акад.
_g[отв. ред.: А.С. Сенцов и др.]
210 _aВолгоград
_cВА МВД России
_d2008
215 _a267, [1] с.
_d20
320 _aБиблиогр. в подстроч. примеч.
606 1 _aУголовное право
_jСборники
_yРоссийская Федерация
_92158871
_3RU\NLR\auth\661299404
606 1 _aУголовно-процессуальное право
_jСборники
_yРоссийская Федерация
_92207114
_3RU\NLR\auth\661326001
686 _aХ628.1я43
_2rubbk
686 _aХ629.3я43
_2rubbk
686 _aХ628.1я43
686 _aХ629.3я43
702 1 _aСенцов
_bА. С.
_gАлександр Сергеевич
_4340
711 1 2 _4070
_a"Становление и развитие современного российского уголовного и уголовно-процессуального законодательства", межвузовская конференция
_f2006
_eВолгоград
_3RU\NLR\AUTH\8810138639
_9772559
712 0 2 _4570
_aВолгоградская академия МВД России
_3RU\NLR\AUTH\8810031999
_9562583
801 0 _aRU
_bРГБ
_c20090731
_grcr
801 1 _aRU
_bРГБ
_c20090731
801 2 _aRU
_bNLR
_c20091014
_grcr
942 _cBOOK
980 _aNB